书目信息 |
| 题名: |
设计构成
|
|
| 作者: | 姚玉娟 主编 | |
| 分册: | ||
| 出版信息: | 长沙 中南大学出版社 2010.01 |
|
| 页数: | 96页 | |
| 开本: | 29cm | |
| 丛书名: | ||
| 单 册: | ||
| 中图分类: | J06 | |
| 科图分类: | ||
| 主题词: | 艺术--yi shu--设计--高等学校--技术学校--教材 | |
| 电子资源: | ||
| ISBN: | 978-7-81105-946-5 | |
| 000 | 00852nam0 2200253 450 | |
| 001 | 012010764265 | |
| 005 | 20100601135006.42 | |
| 010 | @a978-7-81105-946-5@dCNY35.00 | |
| 100 | @a20100601d2010 em y0chiy0120 ea | |
| 101 | 0 | @achi |
| 102 | @aCN@b430000 | |
| 105 | @aa a 000yy | |
| 106 | @ar | |
| 200 | 1 | @a设计构成@Ashe ji gou cheng@f姚玉娟主编@Fzhu bian yao yu juan |
| 210 | @a长沙@c中南大学出版社@d2010.01 | |
| 215 | @a96页@c图@d29cm | |
| 300 | @a高职高专设计艺术类专业理实一体化“十一五”规划教材 | |
| 320 | @a有书目 (第96页) | |
| 330 | @a本书主要内容:涉及构成的概念,涉及构成的产生与沿革,涉及构成的范畴与形式,平面构成的概念,平面构成的要素等。 | |
| 606 | 0 | @a艺术@Ayi shu@x设计@x高等学校@x技术学校@j教材 |
| 690 | @aJ06@v4 | |
| 701 | 0 | @a姚玉娟@Ayao yu juan@4主编 |
| 801 | 0 | @aCN@bQSSK@c20100601 |
| 905 | @b780359-61@dJ06@eY376@f3 | |
| 设计构成/姚玉娟主编.-长沙:中南大学出版社,2010.01 |
| 96页:图;29cm |
| 高职高专设计艺术类专业理实一体化“十一五”规划教材 |
| ISBN 978-7-81105-946-5:CNY35.00 |
| 本书主要内容:涉及构成的概念,涉及构成的产生与沿革,涉及构成的范畴与形式,平面构成的概念,平面构成的要素等。 |
| ● |
| 相关链接 |
|
|
|
正题名:设计构成
索取号:J06/Y376
 
预约/预借
| 序号 | 登录号 | 条形码 | 馆藏地/架位号 | 状态 | 备注 |
| 1 | 780359 | 207803590 | 自科二线404/309社科库 63排3列1层/ [索取号:J06/Y376] | 在馆 | |
| 2 | 780360 | 207803607 | 艺术设计学院资料室/ [索取号:J06/Y376] | 在馆 | |
| 3 | 780361 | 207803616 | 社科库309/309社科库 63排1列6层/ [索取号:J06/Y376] | 在馆 |